Lippincott’s (Registro nro. 300464)
[ vista simple ]
| 000 -ENCABEZADO | |
|---|---|
| Número de control [NR] | 00986 a2200253 4500 |
| 005 - FECHA Y HORA DE LA ÚLTIMA TRANSACCIÓN | |
| control field | 20150819151126.0 |
| 008 - DE LONGITUD FIJA DE DATOS DE ELEMENTOS - INFORMACIÓN GENERAL | |
| Elementos de longitud fija [NR] | 150819s2015 xxu||||fro 00| 0 eng d |
| 020 ## - NUMERO INTERNACIONAL NORMALIZADO PARA LIBROS [R] | |
| Número Internacional Normalizado del libro [NR] | 9780899644523 |
| 020 ## - NUMERO INTERNACIONAL NORMALIZADO PARA LIBROS [R] | |
| Número Internacional Normalizado del libro [NR] | 089964452X |
| 040 ## - FUENTE DE CATALOGACION [NR] | |
| Agencia de catalogación original [NR] | CO-BoUCM |
| Idioma de catalogación [NR] | spa |
| Quien Cataloga | Sandra Palacio |
| Quien Clasifica | Sandra Palacio |
| 041 0# - CODIGO DE IDIOMA [R] | |
| Código de idioma para texto/pista de sonido o título separado [R] | Inglés |
| 100 1# - ASIENTO PRINCIPAL--NOMBRE PERSONAL [NR] | |
| Nombre personal [NR] | Lippincott, John |
| ID Autoridad | 70850 |
| 245 10 - MENCION DE TITULO [NR] | |
| Título [NR] | Lippincott’s |
| Parte restante del título [NR] | Primer on educational advancement |
| Mención de responsabilidad, etc. [NR] | Lippincott John |
| 260 ## - PUBLICACION, DISTRIBUCION, ETC. (PIE DE IMPRENTA) [R] | |
| Fecha de publicación, distribución, etc. [R] | 2015 |
| Nombre del editor, distribuidor, etc. [R] | Case 2015 |
| Lugar de publicación, distribución, etc. [R] | Washington D.C. (Estados Unidos) |
| 300 ## - DESCRIPCION FISICA [R] | |
| Extensión [R] | 232 páginas |
| Otros detalles físicos [NR] | Fotografías |
| 600 14 - ASIENTO SECUNDARIO DE MATERIA - NOMBRE PERSONAL [R] | |
| Nombre personal [NR] | Lippincott, John |
| Subdivisión general [R] | Discursos |
| -- | Presentaciones |
| -- | Declaraciones |
| 9 (RLIN) | 70851 |
| 650 #7 - ASIENTO SECUNDARIO DE MATERIA - TERMINO TEMATICO [R] | |
| 9 (RLIN) | 18533 |
| Término temático o nombre geográfico como elemento de entrada [NR] | Liderazgo |
| Subdivisión de forma [R] | Educación |
| 650 #7 - ASIENTO SECUNDARIO DE MATERIA - TERMINO TEMATICO [R] | |
| 9 (RLIN) | 195 |
| Término temático o nombre geográfico como elemento de entrada [NR] | Ética |
| Subdivisión general [R] | Economía |
| 650 #7 - ASIENTO SECUNDARIO DE MATERIA - TERMINO TEMATICO [R] | |
| 9 (RLIN) | 15122 |
| Término temático o nombre geográfico como elemento de entrada [NR] | Estrategias para el desarrollo |
| Subdivisión general [R] | Council for advancement and support of education |
| 650 #7 - ASIENTO SECUNDARIO DE MATERIA - TERMINO TEMATICO [R] | |
| 9 (RLIN) | 12956 |
| Término temático o nombre geográfico como elemento de entrada [NR] | Desarrollo económico |
| Subdivisión general [R] | CASE |
| 690 ## - ASUNTO AGREGADO LOCAL DE ENTRADA - TÉRMINO TEMÁTICO (OCLC, RLIN) | |
| Acceso temático local | Administración de empresas |
| 942 ## - ELEMENTOS DE ENTRADA AGREGADOS (KOHA) | |
| Sistema de clasificación | DEWEY |
| Tema principal | Administración |
| Tipo de ítem principal el descrito en 300a | Libro |
| Edición | 1 |
| Clasificación | 658.092 |
| Parte restante de la signatura top. | L765 |
| Fecha de último préstamo | Total préstamos | Total Renewals | Signatura topográfica | Código de barras | Última vez visto | Ejemplar | Costo de reposición | Price effective from | Tipo de ítem | Perdido | Sistema de clasificación | Dañado | No prestable | Tipo de ítem específico | Suprimido | Ubicación habitual | Ubicación actual | Localización | Fecha de creación | Proveedor | Forma de adquisición | Costo |
|---|---|---|---|---|---|---|---|---|---|---|---|---|---|---|---|---|---|---|---|---|---|---|
| 30/11/2018 | 2 | 4 | 658.092 L765 | 100147060 | 03/12/2024 | Ej.1 | 199148.00 | 19/08/2015 | Libro | DEWEY | Libro | Bodega | Bodega | 5to piso | 19/08/2015 | 19 | Compra | 199148.00 |